University Home | Library Home | Institutional Repository

California law review. (Record no. 181306)

MARC details
000 -LEADER
fixed length control field 00640cas1a220019300 4500
001 - CONTROL NUMBER
control field zam00005815
008 - FIXED-LENGTH DATA ELEMENTS--GENERAL INFORMATION
fixed length control field 951212n xx eng u
022 ## - INTERNATIONAL STANDARD SERIAL NUMBER
International Standard Serial Number 0008-1221
035 ## - SYSTEM CONTROL NUMBER
System control number (Sirsi) r22990
035 ## - SYSTEM CONTROL NUMBER
System control number (MACHINE)00833
245 00 - TITLE STATEMENT
Title California law review.
260 ## - PUBLICATION, DISTRIBUTION, ETC.
Place of publication, distribution, etc. Berkerly :
Name of publisher, distributor, etc. University of Carlifornia.
310 ## - CURRENT PUBLICATION FREQUENCY
Current publication frequency 6 Times a Year
362 ## - DATES OF PUBLICATION AND/OR SEQUENTIAL DESIGNATION
Dates of publication and/or sequential designation Vol. 46, No. 1, 1958 - Vol. 81, No. 1, 1993
520 ## - SUMMARY, ETC.
Summary, etc. This is a journal that publishes articles that review cases and scenarios in the legal practice in Californai
650 ## - SUBJECT ADDED ENTRY--TOPICAL TERM
Topical term or geographic name entry element Law.
Linkage S3984.1
949 ## - LOCAL PROCESSING INFORMATION (OCLC)
a K1
w lcc
i -22281
m MAIN
p 000
t BOOK
l ON-SHELF

No items available.

© 2026 - The University of Zambia Library - Koha v25.11